LEADER 01112nas a2200265 i 4500 001 000000231837 003 CaOOAMICUS 005 20140812000000.0 008 140812b2009 it uu u0 0ita r 013 $a210740 020 $a978-88-615-9397-8 040 $aSeMil$bita 245 10$a2009 : Dicembre. 260 $a[Milano] :$bBruno Mondadori,$c2009 (copyr. 2010) 300 $a151 p. :$bill., tabelle ;$c22 cm. 500 $aIn 4. di copertina : Camera di Commercio Milano. - Fondo Card. C. M. Martini. 700 1 $aCamera di Commercio Industria, Artigianato e Agricoltura .$0(OLS)http://semarc/name/13906 773 0 $tDialoghi Internazionali.$d[Milano] : Bruno Mondadori, 2006-2012.$x1971-5595$w()30302 850 $aSeMil 852 $aSeMil$W1$xVenegono$y1$m37 6 12$j182183$B182183$CSeMilBibl$Z2$F193235 $85 941 1 $a4 961 $aLascito: Martini Card. Carlo Maria 996 $6020$a978-88-615-9397-8$9(OLS)http://semarc/number/235255 996 $6245$a2009 : Dicembre$9(OLS)http://semarc/title/266902 996 $6260$a[Milano] :$bBruno Mondadori$9(OLS)http://semarc/publisher/31659 LEADER 00904nam a2200217 i 4500 001 000000235615 003 CaOOAMICUS 005 20141209000000.0 008 141209s1861 xx u000 u fre u 013 $a214519 040 $aSeMil$bita 100 1 $aKellerman, Edmond : de,$c.$0(OLS)http://semarc/name/58766 245 12$aL'Eglise et l'État au dix-neuvième siècle /$cpar le Duc de Valmy. 260 $aA Paris :$bGarnier frères,$c1861. 300 $aXI, 292 p. ;$c24 cm. 650 4$aChiesa e Stato - Sec. 19.$0(OLS)http://semarc/subject/3537 850 $aSeMil 852 $aSeMil$W1$xVenegono$y1$m3B IV 55 FA$j185961$B185961$CSeMilBibl$Z2$F197785 $8I 961 $aLascito: Serenthà don Mario 996 $6245$aL'Eglise et l'État au dix-neuvième siècle$9(OLS)http://semarc/title/335869 996 $6260$aA Paris :$bGarnier frères$9(OLS)http://semarc/publisher/38888